000 00245nam a2200109Ia 4500
008 220204s9999 xx 000 0 und d
082 _a82-3
_bMAC
100 _aAlistair
245 4 _aThe Black shrike
260 _aNew York
_bFawcett
942 _cBK
999 _c35248
_d35248